Catalog

Record Details

Catalog Search



Mycroft and Sherlock : the empty birdcage. #3 / ... Read More

Series: Mycroft ; 3

Available copies

  • 2 of 2 copies available at LARL/NWRL Consortium.
  • 2 of 2 copies available at Lake Agassiz Regional Library. (Show preferred library)

Current holds

0 current holds with 2 total copies.

Show All Copies
Location Call Number / Copy Notes Barcode Shelving Location Status Due Date
Fertile Public Library M ABD (Text) 33500013136460 Main Available -
Moorhead Public Library M ABD (Text) 33500013136452 Main Available -

Record details

  • ISBN: 9781785659300
  • ISBN: 1785659308
  • Physical Description: 336 pages ; 24 cm
  • Edition: First edition.
  • Publisher: London, England : Titan Books, 2015.

Content descriptions

General Note:
McNaughton Lease.
Summary, etc.:
"It is 1873, and Mycroft Holmes is in service to ... Read More
Language Note:
In English.
Subject: Holmes, Mycroft (Fictitious character) > Fiction.
Murder > Investigation > Fiction.
Missing persons > Fiction.
London (England) > Fiction.
Genre: Detective and mystery fiction.
LDR 01735cam a2200385Mi 4500
001324876
003LARL_NWRL_CONSORTIUM
00520190925154141.0
008190625s2015 enk 000 f eng d
040 . ‡aT3Q ‡beng ‡erda ‡cT3Q ‡dOCLCO ‡dORX
020 . ‡a9781785659300 ‡q(hardcover)
020 . ‡a1785659308
035 . ‡a(OCoLC)1107436238
043 . ‡ae-uk-en
1001 . ‡aAbdul-Jabbar, Kareem, ‡eauthor.
24510. ‡aMycroft and Sherlock : ‡bthe empty birdcage. ‡n#3 / ‡cKareem Abdul-Jabbar with Anna Waterhouse.
2463 . ‡aEmpty birdcage.
250 . ‡aFirst edition.
264 1. ‡aLondon, England : ‡bTitan Books, ‡c2015.
300 . ‡a336 pages ; ‡b24 cm
336 . ‡atext ‡2rdacontent
337 . ‡aunmediated ‡2rdamedia
338 . ‡avolume ‡2rdacarrier
4900 . ‡aMycroft ; ‡v3
500 . ‡aMcNaughton Lease.
520 . ‡a"It is 1873, and Mycroft Holmes is in service to the Crown once again. A distant relative of Queen Victoria has been slain by the Fire Four Eleven killer, a serial murderer who leaves no mark upon his victims. Mycroft allows Sherlock to take the case, as he has been asked to find a missing person--the fiance of the woman he loves. As Sherlock travels the country on the hunt for a murderer, both he and Mycroft will discover that the greed of others is at the root of the evil they are trying to unearth."
546 . ‡aIn English.
60010. ‡aHolmes, Mycroft ‡c(Fictitious character) ‡vFiction.
650 0. ‡aMurder ‡xInvestigation ‡vFiction. ‡0(LARL_NWRL_CONSORTIUM)166203
650 0. ‡aMissing persons ‡vFiction. ‡0(LARL_NWRL_CONSORTIUM)165976
651 0. ‡aLondon (England) ‡vFiction. ‡0(LARL_NWRL_CONSORTIUM)165879
655 7. ‡aDetective and mystery fiction. ‡2lcgft
7001 . ‡aWaterhouse, Anna, ‡eauthor. ‡0(LARL_NWRL_CONSORTIUM)218149
905 . ‡uvanderl
901 . ‡a324876 ‡b ‡c324876 ‡tbiblio ‡soclc

Additional Resources